000 00812nam a2200241 i 4500
001 181290
003 ES-MaACL
005 20250731063047.0
008 121205s2011 sp | |||||||| | spa d
020 _a978-84-938387-3-7
080 _a172.2(460)
080 _a35(460).083
100 1 _aRodríguez Iglesias, Pedro José,
_d1949-
_9151907
245 1 0 _aÉtica para políticos /
_cPedro José Rodríguez Iglesias ; prólogo de Dalmacio Negro.
250 _a1ª ed.
260 _aMadrid :
_bDe Buena Tinta,
_c2011.
300 _a156 p. ;
_c23 cm.
650 4 _aÉtica política-
_zEspaña.
_9151908
650 4 _aFuncionarios-
_xMoral profesional-
_zEspaña.
_9151909
852 _aES-MaACL
_jA-12346
_9188174
_bR.148276
_cDEPO1
_dOlim: N-5351
942 _2udc
_cMONOGRAFIA
999 _c181290
_d181290